| 000 | 00659nam a2200241 a 4500 | ||
|---|---|---|---|
| 001 | BRL_978 | ||
| 005 | 20190320210959.0 | ||
| 008 | 301013s1978----mx-#######---#000-0#spa-# | ||
| 020 | _a9681601750 | ||
| 041 | _aspa | ||
| 044 | _amx | ||
| 050 | 4 |
_aF1210 _b.P39 1978 |
|
| 100 | 1 |
_aPaz, Octavio _d1914-1998 _9563 |
|
| 245 | 1 | 0 |
_aEl Laberinto de la Soledad _cOctavio Paz. |
| 260 |
_aMéxico _bFondo de Cultura Económica _c1978 |
||
| 300 |
_a191 p. _c17 cm. |
||
| 440 | 0 |
_aColección popular _v107 _925491 |
|
| 500 | _aAu1127 | ||
| 651 | 4 |
_aMéxico _xVida social y costumbres _9769 |
|
| 651 | 4 |
_aMéxico _xCivilización _99184 |
|
| 902 | _aGRL | ||
| 942 |
_2lcc _cB |
||
| 999 |
_c9790 _d9790 |
||